000 003730000a22001570004500
001 002705
003 MACL
040 _aMACL
090 _c14698
_d14697
100 _aPanduranga, Mala
245 _aChinua Achebe
_bAn Anthology Of Recent Criticism
_cMala Panduranga
260 _aPencraft Books,
_c2006
350 _a495
650 _aGeneral Collection
942 _k80
_cBook
999 _c14614
_d14614